000 00488nam a2200169Ia 4500
008 090201s9999 xx 000 0 und d
010 _aKPL-37765
040 _bमराठी
041 _aमराठी
082 _a16675
_b37765
100 _aप्रभाकर दिघे
245 _aअर्क
_cप्रभाकर दिघे
260 _c2004
_bमधुर प्रकाशन
300 _a136
_bमोठा
600 _aअर्क
942 _cBOOK
999 _c216685
_d216685